000 01489nam a2200397 i 4500
001 768714001
003 CO-MdFUSB
005 20241002165506.0
007 ta
008 170509t1989 sp |||| |||| 00| 0 spa d
020 _a84-86077-77
040 _aCO-MdFUSB
_bspa
_cCO-MdFUSB
_dCO-MdFUSBC
_erda
041 _aspa
082 0 4 _a220.15
_223
_bS567
100 1 _aSicre, José Luis.
_eautor
245 3 _aLa Iglesia y los Profetas
_c/ José Luis Sicre , José María Castillo , Juan Antonio Estrada
264 1 _aCórdoba, España :
_bEl almendro,
_c[1989]
264 4 _c©1989
300 _a143 páginas
_c; 21 cm
336 _2rdacontent
_atexto
_btxt
337 _2rdamedia
_asin mediación
_bn
338 _2rdacarrier
_avolumen
_bnc
501 _aRústico
505 _aLa compleja imagen del profeta -- El Dios de los profetas -- La idolatría y los profetas, por José Luis Sicre -- Jesús, profeta de Israel -- Culto cristiano y denuncia profética, por José María Castillo -- El Espíritu y los profetas en la iglesia, por Juan Antonio Estrada -- Comunión eclesial y contestación profética, por Juan Antonio Estrada
563 _aRústico
650 7 _aIglesia
_9655
650 0 _aBiblia
_916
650 7 _aReligión
_9385
650 7 _aTeología bíblica
_9320
650 7 _aVocación
_9312
653 _aBiblia A.T
700 _aCastillo, José María,
_910843
_eautor
700 _aEstrada, Juan Antonio,
_910844
_eautor
942 _cBK
945 _aJTF-925
999 _c44773
_d44773